Tous les sites UNESCO du Maghreb sur une carte - Statistiques

Statistiques générales
  • Ce quiz a été pris 17 fois
  • Le résultat moyen est 10 sur 32
Réponses sur la Carte
Les réponses sont colorées sur une échelle allant du rouge au vert en fonction du pourcentage des utilisateurs qui les ont devinées à leur premier essai. Vous pouvez retrouver ces pourcentages ci-dessous.
 
Statistiques - réponses
Réponse % Correct
Casbah d'Alger
70%
Djerba : témoignage d’un mode d’occupation d’un territoire insulaire
50%
Médina de Fès
50%
Médina de Sousse
50%
Médina d’Essaouira
50%
Médina de Tétouan
50%
Médina de Tunis
50%
Amphithéâtre d'El Jem
40%
Cité punique de Kerkouane et sa nécropole
40%
Médina de Marrakech
40%
Rabat, capitale moderne et ville historique
40%
Site archéologique de Carthage
40%
Anciens ksour de Ouadane, Chinguetti, Tichitt et Oualata
30%
Dougga / Thugga
30%
Kairouan
30%
Ksar d'Aït-Ben-Haddou
30%
Parc national de l'Ichkeul
30%
Parc national du banc d'Arguin
30%
Site archéologique de Cyrène
30%
Site archéologique de Leptis Magna
30%
Site archéologique de Volubilis
30%
Tassili n'Ajjer
30%
Ancienne ville de Ghadamès
20%
Sites rupestres du Tadrart Acacus
20%
Timgad
20%
Ville historique de Meknès
20%
Ville portugaise de Mazagan (El Jadida)
20%
Djémila
10%
La Kalâa des Béni Hammad
10%
Site archéologique de Sabratha
10%
Tipasa
10%
Vallée du M'Zab
10%
Aucun quiz correspondant
Distribution des résultats
% des personnes avec chaque résultat
Percentile par nombre de réponses
Votre historique - résultats
Vous n’avez pas pris ce quiz